000 00635nab a2200229 a 4500
001 58806
003 130526
005 20201118103441.0
008 ||||||n9999 ||| || ||
041 _aspa
100 _aRomero, Anibal
245 0 _aLa estrategia esoterica, consideraciones sobre estrategia nuclear
260 _aBogotá :
_bTierra Firme,
_c1987.
300 _app.141-156
562 _e0
650 _aANALISIS POLITICO
650 _aESTADOS POSEEDORES DE ARMAS NUCLEARES
650 _aPREVENCION DE LA GUERRA
650 _aRELACIONES ESTE-OESTE
773 _058746
_aCiencia PolĂ­tica - No.7
942 _cSART
999 _c58806
_d58806